| 000 | 01104cam a2200337 a 4500 | ||
|---|---|---|---|
| 999 |
_c7510 _d7510 |
||
| 001 | 991017951579706706 | ||
| 003 | OSt | ||
| 005 | 20211209122500.0 | ||
| 008 | 180131s2001 sp |||| |||| 0|0 0|spa|c | ||
| 015 |
_aLL2017 _2bnc |
||
| 017 |
_aDL M 39643-2003 _bBiblioteca de Catalunya |
||
| 020 | _a8420443107 | ||
| 035 | _a(ES-BaCBU)b29471606-34csuc_network | ||
| 035 | _a(ES-BaCBU).b29471606 | ||
| 035 | _a(ccuc001)b29471606 | ||
| 035 | _a(OCoLC)1120594734 | ||
| 040 |
_aES-BaCBU _bcat _cCDMR _dES-BaBC |
||
| 080 | _a860-9"19" | ||
| 080 |
_a821.134.2-92 _x"19" _22004 |
||
| 090 |
_aPQ6666.E748 _bA6 2001 |
||
| 100 | 1 | _aPérez-Reverte, Arturo, | |
| 245 | 1 | 0 |
_aCon ánimo de ofender : _b(1998-2001) / _cArturo Pérez-Reverte ; prólogo y selección de José Luis Martín Nogales |
| 260 |
_aMadrid : _bAlfaguara, _cDL 2003 |
||
| 300 |
_a445 p. ; _c24 cm |
||
| 500 | _aArticles publicats a "El semanal" | ||
| 700 | 1 | _aMartín Nogales, José Luis, | |
| 907 |
_a.b29471606 _b18-02-21 _c08-05-08 _d31-01-18 _em _fa _g- _hspa _isp _j0 _k2 |
||
| 908 |
_aUAB _aUJI _aUPF _aBC |
||
| 940 | _aBC | ||
| 942 |
_2udc _cMON |
||